| 000 | 00848nam a2200229 i 4500 | ||
|---|---|---|---|
| 001 | bg | ||
| 100 | 1 | _aKARMAŃSKA, Anna. | |
| 245 | 1 | 0 |
_aUtrata wartości aktywów według prawa bilansowego / _cAnna Karmańska. |
| 260 |
_aWarszawa : _bKrajowa Izba Biegłych Rewidentów, _c2003. |
||
| 300 |
_a111 s. ; _c24 cm. |
||
| 650 | 9 |
_aBilans księgowy _zPolska _yod 1989 r. |
|
| 650 | 9 |
_aPrzedsiębiorstwo _xwycena _xprawo _zPolska _yod 1989 r. |
|
| 650 | 9 |
_aRachunkowość _xprawo _zPolska _ystan na 2003 r. |
|
| 020 | _a8389255057 | ||
| 040 | _cBPK | ||
| 041 | 0 | _apol | |
| 080 | _a657.3:346.52:334.72.003.12](438) | ||
| 920 | _a83-89255-05-7 | ||
| 942 | _cKS | ||
| 008 | s pl f |000 0 pol | ||
| 999 |
_c43814 _d43814 |
||
| 856 |
_uhttp://koha.tu.koszalin.pl/cgi-bin/koha/opac-detail.pl?biblionumber=43814 _yKatalog online BPK |
||